The effect of using pellet, rice brand with water spinach and rice braand with cabbage leaves on the growth and survival rate of puntioplites proctozysron in hapa, ឥទ្ធិពលនៃការប្រើប្រាស់ចំណីគ្រាប់ កន្ទក់លាយជាមួយត្រកួន និងកន្ទក់លាយជាមួយស្លឹកស្ពៃទៅលើអត្រាលូតលាស់ និងអត្រារស់របស់ត្រីច្រកែង នៅក្នុងហាប៉ា. (Record no. 3893)
[ view plain ]
| 000 -LEADER | |
|---|---|
| fixed length control field | 00958nam a22001577a 4500 |
| 003 - CONTROL NUMBER IDENTIFIER | |
| control field | OSt |
| 005 - DATE AND TIME OF LATEST TRANSACTION | |
| control field | 20151203091225.0 |
| 008 - FIXED-LENGTH DATA ELEMENTS--GENERAL INFORMATION | |
| fixed length control field | 151203b xxu||||| |||| 00| 0 eng d |
| 040 ## - CATALOGING SOURCE | |
| Transcribing agency | RUA |
| 082 ## - DEWEY DECIMAL CLASSIFICATION NUMBER | |
| Classification number | FIS HIE 2006 B178 Or.1 |
| 100 ## - MAIN ENTRY--PERSONAL NAME | |
| 9 (RLIN) | 4178 |
| Personal name | HIENG SOK HY; ហៀង សុខហ៊ី |
| 245 ## - TITLE STATEMENT | |
| Title | The effect of using pellet, rice brand with water spinach and rice braand with cabbage leaves on the growth and survival rate of puntioplites proctozysron in hapa, ឥទ្ធិពលនៃការប្រើប្រាស់ចំណីគ្រាប់ កន្ទក់លាយជាមួយត្រកួន និងកន្ទក់លាយជាមួយស្លឹកស្ពៃទៅលើអត្រាលូតលាស់ និងអត្រារស់របស់ត្រីច្រកែង នៅក្នុងហាប៉ា. |
| 260 ## - PUBLICATION, DISTRIBUTION, ETC. (IMPRINT) | |
| Place of publication, distribution, etc. | Phnom Penh |
| Name of publisher, distributor, etc. | RUA |
| Date of publication, distribution, etc. | 2006 |
| 300 ## - PHYSICAL DESCRIPTION | |
| Extent | xi; 38p. |
| Other physical details | ill. |
| Dimensions | 29cm. |
| 942 ## - ADDED ENTRY ELEMENTS (KOHA) | |
| Source of classification or shelving scheme | |
| Koha item type | FIS |
| Price effective from | Date last seen | Permanent Location | Not for loan | Date acquired | Source of classification or shelving scheme | Koha item type | Barcode | Lost status | Damaged status | Withdrawn status | Current Location | Full call number |
|---|---|---|---|---|---|---|---|---|---|---|---|---|
| 2015-12-03 | 2015-12-03 | Library Block B | 2015-12-03 | FIS | RUA035818 | Library Block B | FIS HIE 2006 B178 Or.1 | |||||
| 2015-12-03 | 2015-12-03 | Library Block B | 2015-12-03 | FIS | RUA035960 | Library Block B | FIS HIE 2006 B178 Or.2 | |||||
| 2015-12-03 | 2015-12-03 | Library Block B | 2015-12-03 | FIS | RUA010588 | Library Block B | FIS HIE 2006 B178 Or.3 | |||||
| 2015-12-03 | 2015-12-03 | Library Block B | 2015-12-03 | FIS | RUA027687 | Library Block B | FIS HIE 2006 B178 Or.4 | |||||
| 2015-12-03 | 2015-12-03 | Library Block B | 2015-12-03 | FIS | RUA027753 | Library Block B | FIS HIE 2006 B178 Or.5 | |||||
| 2015-12-03 | 2015-12-03 | Library Block B | 2015-12-03 | FIS | RUA026664 | Library Block B | FIS HIE 2006 B178 Or.6 | |||||
| 2015-12-03 | 2015-12-03 | Library Block B | 2015-12-03 | FIS | RUA026873 | Library Block B | FIS HIE 2006 B178 Or.7 | |||||
| 2016-02-04 | 2016-02-04 | Library Block B | 2016-02-04 | FIS | RUA033408 | Library Block B | FIS HIE 2006 B178 Or.8 |